00374nam a2200133Ia 4500008004100000020001500041041001200056082001600068100001700084245007300101260004200174300000800216650001600224221030s9999 xx 000 0 und d a9812402876 aEnglish a105.23bSea aW. S. Seamer 0aComputer Numerical Control - Concepts & Programmingcby W. S. Seamer bThomson Learning Canada.aIndiac2002 a438 aBE Computer